<?xml version="1.0" encoding="UTF-8"?>
<collection xmlns="http://www.loc.gov/MARC21/slim">
 <record>
  <leader>04907cam a2200865 c 4500</leader>
  <controlfield tag="001">332203727</controlfield>
  <controlfield tag="003">DE-627</controlfield>
  <controlfield tag="005">20250328112257.0</controlfield>
  <controlfield tag="007">tu</controlfield>
  <controlfield tag="008">010730s2001    gw ||||| m    00| ||ger c</controlfield>
  <datafield tag="015" ind1=" " ind2=" ">
   <subfield code="a">01,N32,0547</subfield>
   <subfield code="2">dnb</subfield>
  </datafield>
  <datafield tag="015" ind1=" " ind2=" ">
   <subfield code="a">01,A50,1797</subfield>
   <subfield code="2">dnb</subfield>
  </datafield>
  <datafield tag="016" ind1="7" ind2=" ">
   <subfield code="a">961945621</subfield>
   <subfield code="2">DE-101</subfield>
  </datafield>
  <datafield tag="020" ind1=" " ind2=" ">
   <subfield code="a">3422063277</subfield>
   <subfield code="9">3-422-06327-7</subfield>
  </datafield>
  <datafield tag="035" ind1=" " ind2=" ">
   <subfield code="a">(DE-627)332203727</subfield>
  </datafield>
  <datafield tag="035" ind1=" " ind2=" ">
   <subfield code="a">(DE-576)094263140</subfield>
  </datafield>
  <datafield tag="035" ind1=" " ind2=" ">
   <subfield code="a">(DE-599)GBV332203727</subfield>
  </datafield>
  <datafield tag="035" ind1=" " ind2=" ">
   <subfield code="a">(OCoLC)248117854</subfield>
  </datafield>
  <datafield tag="035" ind1=" " ind2=" ">
   <subfield code="a">(OCoLC)48186710</subfield>
  </datafield>
  <datafield tag="035" ind1=" " ind2=" ">
   <subfield code="a">(OCoLC)847012895</subfield>
  </datafield>
  <datafield tag="040" ind1=" " ind2=" ">
   <subfield code="a">DE-627</subfield>
   <subfield code="b">ger</subfield>
   <subfield code="c">DE-627</subfield>
   <subfield code="e">rakwb</subfield>
  </datafield>
  <datafield tag="041" ind1=" " ind2=" ">
   <subfield code="a">ger</subfield>
  </datafield>
  <datafield tag="044" ind1=" " ind2=" ">
   <subfield code="c">XA-DE</subfield>
  </datafield>
  <datafield tag="050" ind1=" " ind2="0">
   <subfield code="a">N6888.M454</subfield>
  </datafield>
  <datafield tag="084" ind1=" " ind2=" ">
   <subfield code="a">46</subfield>
   <subfield code="2">sdnb</subfield>
  </datafield>
  <datafield tag="084" ind1=" " ind2=" ">
   <subfield code="a">63</subfield>
   <subfield code="a">46</subfield>
   <subfield code="2">sdnb</subfield>
  </datafield>
  <datafield tag="084" ind1=" " ind2=" ">
   <subfield code="a">9,10</subfield>
   <subfield code="2">ssgn</subfield>
  </datafield>
  <datafield tag="084" ind1=" " ind2=" ">
   <subfield code="a">NN 6530</subfield>
   <subfield code="2">rvk</subfield>
   <subfield code="0">(DE-625)rvk/127035:</subfield>
  </datafield>
  <datafield tag="084" ind1=" " ind2=" ">
   <subfield code="a">LI 58400</subfield>
   <subfield code="2">rvk</subfield>
   <subfield code="0">(DE-625)rvk/96629:</subfield>
  </datafield>
  <datafield tag="084" ind1=" " ind2=" ">
   <subfield code="a">NN 6528</subfield>
   <subfield code="2">rvk</subfield>
   <subfield code="0">(DE-625)rvk/127034:</subfield>
  </datafield>
  <datafield tag="084" ind1=" " ind2=" ">
   <subfield code="a">20.26</subfield>
   <subfield code="2">bkl</subfield>
  </datafield>
  <datafield tag="084" ind1=" " ind2=" ">
   <subfield code="a">20.31</subfield>
   <subfield code="2">bkl</subfield>
  </datafield>
  <datafield tag="084" ind1=" " ind2=" ">
   <subfield code="a">21.02</subfield>
   <subfield code="2">bkl</subfield>
  </datafield>
  <datafield tag="100" ind1="1" ind2=" ">
   <subfield code="a">Kohle, Hubertus</subfield>
   <subfield code="d">1959-</subfield>
   <subfield code="0">(DE-588)128625562</subfield>
   <subfield code="0">(DE-627)376568186</subfield>
   <subfield code="0">(DE-576)164881328</subfield>
   <subfield code="4">aut</subfield>
  </datafield>
  <datafield tag="245" ind1="1" ind2="0">
   <subfield code="a">Adolph Menzels Friedrich-Bilder</subfield>
   <subfield code="b">Theorie und Praxis der Geschichtsmalerei im Berlin der 1850er Jahre</subfield>
   <subfield code="c">Hubertus Kohle</subfield>
  </datafield>
  <datafield tag="263" ind1=" " ind2=" ">
   <subfield code="a">brosch. : ca. DM 128.00, ca. sfr 112.00, ca. S 934.00</subfield>
  </datafield>
  <datafield tag="264" ind1=" " ind2="1">
   <subfield code="a">München</subfield>
   <subfield code="a">Berlin</subfield>
   <subfield code="b">Dt. Kunstverl.</subfield>
   <subfield code="c">2001</subfield>
  </datafield>
  <datafield tag="300" ind1=" " ind2=" ">
   <subfield code="a">432 S.</subfield>
   <subfield code="b">Ill.</subfield>
  </datafield>
  <datafield tag="336" ind1=" " ind2=" ">
   <subfield code="a">Text</subfield>
   <subfield code="b">txt</subfield>
   <subfield code="2">rdacontent</subfield>
  </datafield>
  <datafield tag="337" ind1=" " ind2=" ">
   <subfield code="a">ohne Hilfsmittel zu benutzen</subfield>
   <subfield code="b">n</subfield>
   <subfield code="2">rdamedia</subfield>
  </datafield>
  <datafield tag="338" ind1=" " ind2=" ">
   <subfield code="a">Band</subfield>
   <subfield code="b">nc</subfield>
   <subfield code="2">rdacarrier</subfield>
  </datafield>
  <datafield tag="490" ind1="1" ind2=" ">
   <subfield code="a">Münchener Universitätsschriften des Instituts für Kunstgeschichte</subfield>
   <subfield code="v">1</subfield>
  </datafield>
  <datafield tag="502" ind1=" " ind2=" ">
   <subfield code="a">Zugl.: Bochum, Univ., Habil.-Schr., 1996</subfield>
  </datafield>
  <datafield tag="583" ind1="1" ind2=" ">
   <subfield code="a">Archivierung/Langzeitarchivierung gewährleistet</subfield>
   <subfield code="f">SSG</subfield>
   <subfield code="x">XA-DE-BW</subfield>
   <subfield code="2">pdager</subfield>
   <subfield code="5">DE-16</subfield>
  </datafield>
  <datafield tag="600" ind1="1" ind2="0">
   <subfield code="a">Menzel, Adolph</subfield>
   <subfield code="x">Themes, motives</subfield>
  </datafield>
  <datafield tag="600" ind1="1" ind2="0">
   <subfield code="a">Frederick II, King of Prussia</subfield>
   <subfield code="x">Portraits</subfield>
  </datafield>
  <datafield tag="650" ind1=" " ind2="0">
   <subfield code="a">History in art</subfield>
  </datafield>
  <datafield tag="650" ind1=" " ind2="0">
   <subfield code="a">Portraits, German</subfield>
   <subfield code="x">19th century</subfield>
  </datafield>
  <datafield tag="655" ind1=" " ind2="7">
   <subfield code="a">Hochschulschrift</subfield>
   <subfield code="0">(DE-588)4113937-9</subfield>
   <subfield code="0">(DE-627)105825778</subfield>
   <subfield code="0">(DE-576)209480580</subfield>
   <subfield code="2">gnd-content</subfield>
  </datafield>
  <datafield tag="689" ind1="0" ind2="0">
   <subfield code="d">p</subfield>
   <subfield code="0">(DE-588)118580914</subfield>
   <subfield code="0">(DE-627)136207626</subfield>
   <subfield code="0">(DE-576)162203411</subfield>
   <subfield code="a">Menzel, Adolph von</subfield>
   <subfield code="d">1815-1905</subfield>
   <subfield code="2">gnd</subfield>
  </datafield>
  <datafield tag="689" ind1="0" ind2="1">
   <subfield code="d">s</subfield>
   <subfield code="0">(DE-588)4025097-0</subfield>
   <subfield code="0">(DE-627)106294849</subfield>
   <subfield code="0">(DE-576)20895919X</subfield>
   <subfield code="a">Historienmalerei</subfield>
   <subfield code="2">gnd</subfield>
  </datafield>
  <datafield tag="689" ind1="0" ind2="2">
   <subfield code="d">p</subfield>
   <subfield code="0">(DE-588)118535749</subfield>
   <subfield code="0">(DE-627)133880583</subfield>
   <subfield code="0">(DE-576)161017142</subfield>
   <subfield code="a">Friedrich</subfield>
   <subfield code="b">II.</subfield>
   <subfield code="c">Preußen, König</subfield>
   <subfield code="d">1712-1786</subfield>
   <subfield code="2">gnd</subfield>
  </datafield>
  <datafield tag="689" ind1="0" ind2=" ">
   <subfield code="5">DE-101</subfield>
  </datafield>
  <datafield tag="700" ind1="1" ind2=" ">
   <subfield code="a">Menzel, Adolph von</subfield>
   <subfield code="d">1815-1905</subfield>
   <subfield code="e">Ill.</subfield>
   <subfield code="0">(DE-588)118580914</subfield>
   <subfield code="0">(DE-627)136207626</subfield>
   <subfield code="0">(DE-576)162203411</subfield>
   <subfield code="4">ill</subfield>
  </datafield>
  <datafield tag="751" ind1=" " ind2=" ">
   <subfield code="a">Bochum</subfield>
   <subfield code="0">(DE-588)4007328-2</subfield>
   <subfield code="0">(DE-627)106374028</subfield>
   <subfield code="0">(DE-576)208869697</subfield>
   <subfield code="4">uvp</subfield>
  </datafield>
  <datafield tag="776" ind1="0" ind2="8">
   <subfield code="i">Erscheint auch als</subfield>
   <subfield code="n">Online-Ausgabe</subfield>
   <subfield code="a">Kohle, Hubertus, 1959 - </subfield>
   <subfield code="t">Schriften von Hubertus Kohle ; 32a: Adolph Menzels Friedrich-Bilder</subfield>
   <subfield code="d">München : Dt. Kunstverl., 2001</subfield>
   <subfield code="h">432 S.</subfield>
   <subfield code="w">(DE-627)1452107807</subfield>
   <subfield code="w">(DE-576)382107802</subfield>
  </datafield>
  <datafield tag="787" ind1="0" ind2="8">
   <subfield code="i">Rezension</subfield>
   <subfield code="a">Chapeaurouge, Donat de, 1925 - 2019</subfield>
   <subfield code="t">[Rezension von: Hubertus Kohle, Adolph Menzels Friedrich-Bilder]</subfield>
   <subfield code="d">2002</subfield>
   <subfield code="w">(DE-627)1543770460</subfield>
   <subfield code="w">(DE-576)473770466</subfield>
  </datafield>
  <datafield tag="787" ind1="0" ind2="8">
   <subfield code="i">Rezensiert in</subfield>
   <subfield code="a">Ehringhaus, Sibylle, 1959 - </subfield>
   <subfield code="t">[Rezension von: Hubertus Kohle, Adolph Menzels Friedrich-Bilder. Theorie und Praxis der Geschichtsmalerei im Berlin der 1850er Jahre]</subfield>
   <subfield code="d">2003</subfield>
   <subfield code="w">(DE-627)1920775684</subfield>
  </datafield>
  <datafield tag="810" ind1="2" ind2=" ">
   <subfield code="a">Ludwig-Maximilians-Universität München</subfield>
   <subfield code="b">Institut für Kunstgeschichte</subfield>
   <subfield code="t">Münchener Universitätsschriften des Instituts für Kunstgeschichte</subfield>
   <subfield code="v">1</subfield>
   <subfield code="9">1</subfield>
   <subfield code="w">(DE-627)512421781</subfield>
   <subfield code="w">(DE-576)095516484</subfield>
   <subfield code="w">(DE-600)2236960-0</subfield>
   <subfield code="7">am</subfield>
  </datafield>
  <datafield tag="856" ind1="4" ind2="2">
   <subfield code="u">http://d-nb.info/961945621/04</subfield>
   <subfield code="m">B:DE-101</subfield>
   <subfield code="q">pdf/application</subfield>
   <subfield code="v">20161127003401</subfield>
   <subfield code="x">Verlag</subfield>
   <subfield code="3">Inhaltsverzeichnis</subfield>
  </datafield>
  <datafield tag="856" ind1="4" ind2="2">
   <subfield code="u">https://swbplus.bsz-bw.de/bsz094263140rez.htm</subfield>
   <subfield code="m">B:DE-576;DE-16</subfield>
   <subfield code="q">application/pdf</subfield>
   <subfield code="v">20081106095733</subfield>
   <subfield code="x">Verlag</subfield>
   <subfield code="3">Rezension</subfield>
  </datafield>
  <datafield tag="856" ind1="4" ind2="2">
   <subfield code="u">http://www.h-net.org/review/hrev-a0d1x1-aa</subfield>
   <subfield code="x">Verlag</subfield>
   <subfield code="y">Book review (H-Net)</subfield>
  </datafield>
  <datafield tag="935" ind1=" " ind2=" ">
   <subfield code="i">Blocktest</subfield>
  </datafield>
  <datafield tag="936" ind1="r" ind2="v">
   <subfield code="a">NN 6530</subfield>
   <subfield code="b">Darstellungen</subfield>
   <subfield code="k">Geschichte</subfield>
   <subfield code="k">Neuere Geschichte</subfield>
   <subfield code="k">Zeitalter des Absolutismus (1648 - 1789)</subfield>
   <subfield code="k">Geschichte von 1740 bis 1789</subfield>
   <subfield code="k">Reichsgeschichte</subfield>
   <subfield code="k">Friedrich &lt;Preußen, König, II.&gt;</subfield>
   <subfield code="k">Darstellungen</subfield>
   <subfield code="0">(DE-627)1271467224</subfield>
   <subfield code="0">(DE-625)rvk/127035:</subfield>
   <subfield code="0">(DE-576)201467224</subfield>
  </datafield>
  <datafield tag="936" ind1="r" ind2="v">
   <subfield code="a">LI 58400</subfield>
   <subfield code="b">Menzel, Adolf von</subfield>
   <subfield code="k">Kunstgeschichte</subfield>
   <subfield code="k">Künstler-Monografien</subfield>
   <subfield code="k">Alphabetische Künstlerliste</subfield>
   <subfield code="k">Künstler M</subfield>
   <subfield code="k">Menzel, Adolf von</subfield>
   <subfield code="0">(DE-627)1270703560</subfield>
   <subfield code="0">(DE-625)rvk/96629:</subfield>
   <subfield code="0">(DE-576)200703560</subfield>
  </datafield>
  <datafield tag="936" ind1="r" ind2="v">
   <subfield code="a">NN 6528</subfield>
   <subfield code="b">Quellen</subfield>
   <subfield code="k">Geschichte</subfield>
   <subfield code="k">Neuere Geschichte</subfield>
   <subfield code="k">Zeitalter des Absolutismus (1648 - 1789)</subfield>
   <subfield code="k">Geschichte von 1740 bis 1789</subfield>
   <subfield code="k">Reichsgeschichte</subfield>
   <subfield code="k">Friedrich &lt;Preußen, König, II.&gt;</subfield>
   <subfield code="k">Quellen</subfield>
   <subfield code="0">(DE-627)1271467208</subfield>
   <subfield code="0">(DE-625)rvk/127034:</subfield>
   <subfield code="0">(DE-576)201467208</subfield>
  </datafield>
  <datafield tag="936" ind1="b" ind2="k">
   <subfield code="a">20.26</subfield>
   <subfield code="j">Geschichte</subfield>
   <subfield code="x">Ikonographie</subfield>
   <subfield code="0">(DE-627)106423630</subfield>
  </datafield>
  <datafield tag="936" ind1="b" ind2="k">
   <subfield code="a">20.31</subfield>
   <subfield code="j">Bildende Künstler</subfield>
   <subfield code="0">(DE-627)181571080</subfield>
  </datafield>
  <datafield tag="936" ind1="b" ind2="k">
   <subfield code="a">21.02</subfield>
   <subfield code="j">Geschichte der Malerei</subfield>
   <subfield code="0">(DE-627)106406698</subfield>
  </datafield>
  <datafield tag="951" ind1=" " ind2=" ">
   <subfield code="a">BO</subfield>
  </datafield>
  <datafield tag="990" ind1=" " ind2=" ">
   <subfield code="a">Menzel, Adolph von</subfield>
  </datafield>
  <datafield tag="990" ind1=" " ind2=" ">
   <subfield code="a">Historienmalerei</subfield>
  </datafield>
  <datafield tag="990" ind1=" " ind2=" ">
   <subfield code="a">Friedrich &lt;II., Preußen, König&gt; </subfield>
  </datafield>
  <datafield tag="991" ind1=" " ind2=" ">
   <subfield code="a">Rezensiertes Werk</subfield>
  </datafield>
  <datafield tag="999" ind1=" " ind2=" ">
   <subfield code="a">KXP-PPN332203727</subfield>
   <subfield code="e">4077542456</subfield>
  </datafield>
 </record>
</collection>
